• 首页
  • 本馆介绍
  • 公告通知
  • 最新文献
  • 馆藏检索
  • 电子资源
  • 读者导购
  • 参考咨询
  • 我的图书馆
  • 登录
  • 详细信息显示
  • 放入我的书架
  • 预约/预借图书
  • 作者相关作品
  • 分类相关作品
  • 丛书相关作品
  • 出版社相关作品

书目信息

  • 表格格式
  • 工作单格式
  • 卡片格式
题名:
艺术玻璃和装饰玻璃
    
 
作者: 王承遇 , 陶瑛 编著
分册:  
出版信息: 北京   化学工业出版社  2009
页数: 389页
开本: 26cm
丛书名:
单 册:
中图分类: J527.3
科图分类:
主题词: 玻璃--工艺美术--技法(美术) , 玻璃 , 工艺美术 , 技法(美术)
电子资源:
ISBN: 978-7-122-04253-8
000 01153nam0 2200289 45
001 1033020093
005 20100408172108.40
010    @a978-7-122-04253-8@b精装@dCNY89.00
100    @a20100331d2009 em y0chiy50 ea
101 0  @achi
102    @aCN@b110000
105    @aa z 000yy
106    @ar
200 1  @a艺术玻璃和装饰玻璃@AYi Shu Bo Li He Zhuang Shi Bo Li@dArtistic glass and decorative glass@f王承遇,陶瑛编著@FWang Cheng Yu, Tao Ying Bian Zhu@zeng
210    @a北京@c化学工业出版社@d2009
215    @a389页@c彩照,图@d26cm
330    @a本书分为16学,四大部分组成,第一部分为艺术玻璃和装饰玻璃的内涵,分类、沿革,特色和发展方向;第二部分为艺术玻璃和装饰玻璃的本质,特性,成分、原料、配方.熔制及各种成形方法和退火等制造工艺; 第三部分为特色产品;第四部分为世界上著名的艺术玻璃。
510 1  @aArtistic glass and decorative glass@zeng
606 0  @a玻璃@x工艺美术@x技法(美术)
606 0  @a玻璃
606 0  @a工艺美术
606 0  @a技法(美术)
690    @aJ527.3@v4
701  0 @a王承遇@AWang Cheng Yu@f(1933.10~)@4编著
701  0 @a陶瑛@ATao Ying@4编著
801  0 @aCN@bTANGWEI@c20100408
905    @b0587575-79@dJ527.3@e298@f5
    
    艺术玻璃和装饰玻璃=Artistic glass and decorative glass/王承遇,陶瑛编著.-北京:化学工业出版社,2009
    389页:彩照,图;26cm
    
    
    ISBN 978-7-122-04253-8(精装):CNY89.00
    本书分为16学,四大部分组成,第一部分为艺术玻璃和装饰玻璃的内涵,分类、沿革,特色和发展方向;第二部分为艺术玻璃和装饰玻璃的本质,特性,成分、原料、配方.熔制及各种成形方法和退火等制造工艺; 第三部分为特色产品;第四部分为世界上著名的艺术玻璃。
●
相关链接 在E读中查询图书 在五车中查询图书 在当当中查询图书 在豆瓣中查询图书


正题名:艺术玻璃和装饰玻璃     索取号:J527.3/298         预约/预借

序号 登录号 条形码 馆藏地/架位号 状态 备注
1 0587575   205875757   第一样本阅览室/ [索取号:J527.3/298] 在馆    
2 0587576   205875766   第一借阅区/ [索取号:J527.3/298] 在馆    
3 0587577   205875775   第一借阅区/ [索取号:J527.3/298] 在馆    
4 0587578   205875784   第一借阅区/ [索取号:J527.3/298] 在馆    
5 0587579   205875793   第一借阅区/ [索取号:J527.3/298] 在馆    
唐山师范学院图书馆 欢迎您!
大连网信软件有限公司© 版权所有